000 00530nam a22001817a 4500
005 20251108175005.0
008 250721s2011 xx 000 0 ara d
082 1 4 _a658.8/طرا
100 1 _aالطراونة، عمر
_eمؤلف
245 1 0 _aالتسويق الدوائي المتقدم /
264 1 _aعمان :
_bدار البداية ناشرون،
_c2011.
300 _a192ص.
650 1 7 _aالتسويق
650 1 7 _aإارة المبيعات
650 1 7 _aالأدوية
942 _2ddc
_cBK
999 _c123339
_d123339